Appeared in I'm a Celebrity Get Me Out Of Here UK Quiz Stats

Quiz not verified by Sporcle

Challenge
Share
Tweet
Embed
Score 0/126 Timer 07:00
0 Plays Today
% Correct
Kerry Katona
62.5%
Tony Blackburn
58.3%
Peter Andre
54.2%
Katie Price
50%
Gillian McKeith
45.8%
Jordan
37.5%
Mark Wright
37.5%
Phil Tufnell
33.3%
Joe Swash
33.3%
Stacey Solomon
33.3%
Dougie Poynter
33.3%
Dom Joly
29.2%
Linford Christie
29.2%
Tara Palmer Tomkinson
25%
Christine Hamilton
25%
Linda Barker
25%
Carol Thatcher
25%
Myleene Klass
25%
George Takei
25%
Nicola McLean
25%
George Hamilton
25%
Shaun Ryder
25%
Jenny Eclair
25%
Aggro Santos
25%
Uri Geller
20.8%
Mike Read
20.8%
Joe Pasquale
20.8%
Janice Dickinson
20.8%
David Van Day
20.8%
Gino DAcampo
20.8%
Kim Woodburn
20.8%
Fatima Whitbread
20.8%
Antony Cotton
20.8%
Lorraine Chase
20.8%
Rhona Cameron
16.7%
John Fashanu
16.7%
Jennie Bond
16.7%
Vic Reeves
16.7%
Sid Owen
16.7%
Bobby Ball
16.7%
Antony Costa
16.7%
Tommy Cannon
16.7%
% Correct
Matt Willis
16.7%
Jason Donovan
16.7%
Dean Gaffney
16.7%
Christopher Biggins
16.7%
Cerys Matthews
16.7%
Simon Webbe
16.7%
Samantha Fox
16.7%
Camilla Dallerup
16.7%
Kayla Collins
16.7%
Sheryl Gascoigne
16.7%
Nigel Havers
16.7%
Pat Sharp
16.7%
Darren Day
12.5%
Nigel Benn
12.5%
Neil Ruddock
12.5%
Paul Burrell
12.5%
Janet Street Porter
12.5%
Nancy Sorrell
12.5%
David Dickinson
12.5%
Jan Leeming
12.5%
Malandra Burrows
12.5%
Marc Bannerman
12.5%
Timmy Mallett
12.5%
Jimmy White
12.5%
Joe Bugner
12.5%
Lucy Benjamin
12.5%
Britt Ekland
12.5%
Freddie Starr
12.5%
Lord Brocket
12.5%
Nell McAndrew
8.3%
Wayne Sleep
8.3%
Antony Worrell Thompson
8.3%
Daniella Westbrook
8.3%
Alex Best
8.3%
John Lydon
8.3%
Brian Harvey
8.3%
Sheree Murphy
8.3%
Kimberley Davies
8.3%
Elaine Lordan
8.3%
David Gest
8.3%
Lynne Franks
8.3%
Martina Navratilova
8.3%
% Correct
Robert Kilroy Silk
8.3%
Alison Hammond
8.3%
Lembit Opik
8.3%
Willie Carson
8.3%
Sinitta
8.3%
Sian Lloyd
4.2%
Diane Modahl
4.2%
Sophie Anderton
4.2%
Jimmy Osmond
4.2%
Jenny Frost
4.2%
Jilly Goolden
4.2%
Phina Oruche
4.2%
Lauren Booth
4.2%
Toby Anstis
4.2%
Gemma Atkinson
4.2%
Rodney Marsh
4.2%
John Burton Race
4.2%
Katie Hopkins
4.2%
Malcolm McLaren
4.2%
Brian Paddick
4.2%
Esther Rantzen
4.2%
Carly Zucker
4.2%
Justin Ryan
4.2%
Sabrina Washington
4.2%
Colin McAllister
4.2%
Crissy Rock
4.2%
Emily Scott
4.2%
Jessica Jane Clement
4.2%
Stefanie Powers
4.2%
Toyah Wilcox
0%
Catalina Guirado
0%
Chris Bisson
0%
Fran Cosgrove
0%
Antonio Fargas
0%
Sheila Ferguson
0%
Natalies Appleton
0%
Faith Brown
0%
Scott Henshall
0%
Jason Brown
0%
Anna Ryder Richardson
0%
Dani Behr
0%
Stuart Manning
0%

You're not logged in!

Compare scores with friends on all Sporcle quizzes.
Sign Up with Email
OR
Log In

You Might Also Like...

Show Comments

Extras

Top Quizzes Today


Score Distribution

Your Account Isn't Verified!

In order to create a playlist on Sporcle, you need to verify the email address you used during registration. Go to your Sporcle Settings to finish the process.

Report this User

Report this user for behavior that violates our Community Guidelines.

Details: